000 01066cam a22002894a 4500
999 _c4799
_d4799
001 1684604
005 20170328180041.0
008 990304s2000 njua b 001 0 eng
010 _a 99014674
020 _a0130850268
040 _aDLC
_cDLC
_dDLC
042 _apcc
050 0 0 _aHD58.7
_b.B37 2000
082 0 0 _a658.3
_221
100 1 _aGreenberg, Jerald.
245 1 0 _aBehavior in organizations :
_bunderstanding and managing the human side of work /
_cJerald Greenberg, Robert A. Baron.
250 _a7th ed.
260 _aUpper Saddle River, NJ :
_bPrentice Hall,
_cc2000.
300 _axxvi, 687 p. :
_bcol. ill. ;
_c29 cm.
504 _aIncludes bibliographical references and index.
650 0 _aOrganizational behavior.
650 0 _aPersonnel management.
700 1 _aBaron, Robert A.
906 _a7
_bcbc
_corignew
_d1
_eocip
_f19
_gy-gencatlg
942 _2lcc
_cBOOKS
_hHD58.7 .B37 2000